Will sustainability fly? : aviation fuel options in a low-carbon world (Record no. 86288)

MARC details
000 -LEADER
fixed length control field 00754 a2200253 4500
003 - CONTROL NUMBER IDENTIFIER
control field CBULib
005 - DATE AND TIME OF LATEST TRANSACTION
control field 20250721082111.0
008 - FIXED-LENGTH DATA ELEMENTS--GENERAL INFORMATION
fixed length control field 250721b |||||||| |||| 00| 0 eng d
020 ## - INTERNATIONAL STANDARD BOOK NUMBER
International Standard Book Number 9781409430919
040 ## - CATALOGING SOURCE
Language of cataloging English
Transcribing agency CBULib
Description conventions rda
041 ## - LANGUAGE CODE
Language code of text/sound track or separate title eng
050 ## - LIBRARY OF CONGRESS CALL NUMBER
Classification number TD 195.A27 Pal
100 ## - MAIN ENTRY--PERSONAL NAME
Personal name Palmer, Walter
245 ## - TITLE STATEMENT
Title Will sustainability fly? : aviation fuel options in a low-carbon world
Statement of responsibility, etc / by Walter J. Palmer
260 ## - PUBLICATION, DISTRIBUTION, ETC. (IMPRINT)
Name of publisher, distributor, etc Ashgate,
Date of publication, distribution, etc 2015
Place of publication, distribution, etc Surrey :
300 ## - PHYSICAL DESCRIPTION
Extent vi, 271 pages : illustrations
336 ## - CONTENT TYPE
Source rdacontent
Content type term Text |
Content type code txt
337 ## - MEDIA TYPE
Source rdamedia
Media type term Unmediated |
Media type code n
338 ## - CARRIER TYPE
Source rdacarrier
Carrier type term Volume
Carrier type code nc
650 #0 - SUBJECT ADDED ENTRY--TOPICAL TERM
9 (RLIN) 4702
Topical term or geographic name as entry element ENVIRONMENTAL POLICY
650 #0 - SUBJECT ADDED ENTRY--TOPICAL TERM
9 (RLIN) 2860
Topical term or geographic name as entry element AIRPLANES
650 #0 - SUBJECT ADDED ENTRY--TOPICAL TERM
9 (RLIN) 4703
Topical term or geographic name as entry element FUEL
942 ## - ADDED ENTRY ELEMENTS (KOHA)
Source of classification or shelving scheme
Koha item type MONOGRAPH
Holdings
Withdrawn status Lost status Source of classification or shelving scheme Damaged status Not for loan Collection code Permanent Location Current Location Shelving location Date acquired Source of acquisition Cost, normal purchase price Total Checkouts Full call number Barcode Date last seen Copy number Price effective from Koha item type
          Main Library Open Access Collection CBU-MAIN LIBRARY, KITWE. CBU-MAIN LIBRARY, KITWE. General Stacks 07/21/2025 DON-BOOKAID 71.00   TD 195. A27 Pal 753619 07/21/2025 1 07/21/2025 MONOGRAPH
          Main Library Open Access Collection CBU-MAIN LIBRARY, KITWE. CBU-MAIN LIBRARY, KITWE. General Stacks 07/21/2025 DON-BOOKAID 71.00   TD 195. A27 Pal 753620 07/21/2025 2 07/21/2025 MONOGRAPH